Shodsa samskar padhathi/ (Record no. 41843)

000 -LEADER
fixed length control field 00371nam a22001451a 4500
082 ## - DEWEY DECIMAL CLASSIFICATION NUMBER
Classification number S 294.538
Item number CHA/S
100 ## - MAIN ENTRY--AUTHOR NAME
Personal name Chamanlal Goutam
245 ## - TITLE STATEMENT
Title Shodsa samskar padhathi/
Statement of responsibility, etc by Chamanlal Goutam
260 ## - PUBLICATION, DISTRIBUTION, ETC. (IMPRINT)
Place of publication Varanasi:
Name of publisher Choukambha Sanskrit Sansthan,
Year of publication 2003.
300 ## - PHYSICAL DESCRIPTION
Number of Pages 270p.
650 ## - SUBJECT ADDED ENTRY--TOPICAL TERM
Topical Term Rituals Hinduism
650 ## - SUBJECT ADDED ENTRY--TOPICAL TERM
Topical Term Hinduism
650 ## - SUBJECT ADDED ENTRY--TOPICAL TERM
Topical Term Religion
942 ## - ADDED ENTRY ELEMENTS (KOHA)
Koha item type Book
Holdings
Withdrawn status Lost status Damaged status Not for loan Permanent Location Current Location Date acquired Cost, normal purchase price Full call number Accession Number Cost, replacement price Price effective from Koha item type
        Sree Sankaracharya University of Sanskrit Sree Sankaracharya University of Sanskrit 08.01.2015 40.00 S 294.538 CHA/S 052780 0.00 08.01.2015 Book